| 000 | 01748nam a22002417a 4500 | ||
|---|---|---|---|
| 999 |
_c64090 _d64090 |
||
| 003 | Ge_BSU | ||
| 005 | 20260330144347.0 | ||
| 008 | 260327s2009 ge ||||| |||| 00| 0 geo d | ||
| 020 | _a19875843 | ||
| 041 | _ageo | ||
| 080 | _a338.48(063) შ-87 | ||
| 245 |
_aშრომები. ტ. 3 : _bმესამე სამეცნიერო კონფერენცია თემაზე: ეკონომიკა, ბიზნესი და ლოგისტიკა / _cრედაქტორები :რ. მამულაძე, ა. მახარაძე, ჯ. ვარდმანიძე; საქ. განათლების ა და მეცნიერების სამინისტრო. ბათუმის საზღვაო აკადემია. |
||
| 264 |
_aბათუმი : _bშოთა რუსთაველის სახელმწიფო უნივერსიტეტი, _c2009. |
||
| 300 |
_a300 გვ.; _b21 სმ. |
||
| 653 | _aეკონომიკა | ||
| 653 | _aბიზნესი | ||
| 653 | _aლოგისტიკა | ||
| 700 |
_aმამულაძე, რომან _eრედაქტორი _97235 |
||
| 700 |
_aმახაძე, ასლან _eრედაქტორი _913027 |
||
| 700 |
_aვარდმანიძე, ჯუმბერ _eრედაქტორი _927226 |
||
| 710 |
_aსაქ. განათლების ა და მეცნიერების სამინისტრო. ბათუმის საზღვაო აკადემია. _bბიზნესისა და მართვის ფაკულტეტი. _927227 |
||
| 942 |
_2udc _cᲬᲘᲒᲜᲘ |
||